000
00205nam a2200097Ia 4500
008
240331s9999 xx 000 0 und d
082
_b
MAN
100
_a
Manoharan, K
245
0
_a
Varalarttup por
942
_c
L
999
_c
2360
_d
2360